<?xml version="1.0" encoding="UTF-8"?>
<record
    xmlns:xsi="http://www.w3.org/2001/XMLSchema-instance"
    xsi:schemaLocation="http://www.loc.gov/MARC21/slim http://www.loc.gov/standards/marcxml/schema/MARC21slim.xsd"
    xmlns="http://www.loc.gov/MARC21/slim">

  <leader>00397nam a22001457a 4500</leader>
  <controlfield tag="003">OSt</controlfield>
  <controlfield tag="005">20250127131522.0</controlfield>
  <controlfield tag="008">240530b        |||||||| |||| 00| 0 eng d</controlfield>
  <datafield tag="022" ind1=" " ind2=" ">
    <subfield code="2">2582001X</subfield>
  </datafield>
  <datafield tag="100" ind1=" " ind2=" ">
    <subfield code="4">Kumar, Mahendra</subfield>
  </datafield>
  <datafield tag="245" ind1=" " ind2=" ">
    <subfield code="a">Journal of Nursing Research Education and Management</subfield>
  </datafield>
  <datafield tag="260" ind1=" " ind2=" ">
    <subfield code="a">Ghaziabad</subfield>
    <subfield code="b">MAT Journals Pvt. Ltd.</subfield>
    <subfield code="c">2024</subfield>
  </datafield>
  <datafield tag="650" ind1=" " ind2=" ">
    <subfield code="2">Nursing Research</subfield>
  </datafield>
  <datafield tag="942" ind1=" " ind2=" ">
    <subfield code="2">ddc</subfield>
    <subfield code="c">JN</subfield>
    <subfield code="s">1</subfield>
  </datafield>
  <datafield tag="999" ind1=" " ind2=" ">
    <subfield code="c">358027</subfield>
    <subfield code="d">358027</subfield>
  </datafield>
  <datafield tag="952" ind1=" " ind2=" ">
    <subfield code="0">0</subfield>
    <subfield code="1">0</subfield>
    <subfield code="2">ddc</subfield>
    <subfield code="4">0</subfield>
    <subfield code="7">0</subfield>
    <subfield code="a">SNCN</subfield>
    <subfield code="b">SNCN</subfield>
    <subfield code="d">2024-05-30</subfield>
    <subfield code="e">MAT Journal</subfield>
    <subfield code="h">Vol. 6, No. 1</subfield>
    <subfield code="l">1</subfield>
    <subfield code="m">1</subfield>
    <subfield code="p">JNREM-1</subfield>
    <subfield code="r">2025-09-12 00:00:00</subfield>
    <subfield code="s">2024-10-23</subfield>
    <subfield code="w">2024-05-30</subfield>
    <subfield code="y">JN</subfield>
  </datafield>
  <datafield tag="952" ind1=" " ind2=" ">
    <subfield code="0">0</subfield>
    <subfield code="1">0</subfield>
    <subfield code="2">ddc</subfield>
    <subfield code="4">0</subfield>
    <subfield code="7">0</subfield>
    <subfield code="a">SNCN</subfield>
    <subfield code="b">SNCN</subfield>
    <subfield code="d">2024-10-14</subfield>
    <subfield code="h">Vol. 6, No. 2</subfield>
    <subfield code="l">1</subfield>
    <subfield code="p">JNREM-2</subfield>
    <subfield code="r">2024-12-10 00:00:00</subfield>
    <subfield code="s">2024-11-05</subfield>
    <subfield code="w">2024-10-14</subfield>
    <subfield code="y">JN</subfield>
  </datafield>
  <datafield tag="952" ind1=" " ind2=" ">
    <subfield code="0">0</subfield>
    <subfield code="1">0</subfield>
    <subfield code="2">ddc</subfield>
    <subfield code="4">0</subfield>
    <subfield code="7">0</subfield>
    <subfield code="a">SNCN</subfield>
    <subfield code="b">SNCN</subfield>
    <subfield code="d">2025-01-27</subfield>
    <subfield code="h">Vol. 3, No. 3</subfield>
    <subfield code="p">JNREM-3</subfield>
    <subfield code="r">2025-01-13 00:00:00</subfield>
    <subfield code="w">2025-01-13</subfield>
    <subfield code="y">JN</subfield>
  </datafield>
  <datafield tag="952" ind1=" " ind2=" ">
    <subfield code="0">0</subfield>
    <subfield code="1">0</subfield>
    <subfield code="2">ddc</subfield>
    <subfield code="4">0</subfield>
    <subfield code="7">0</subfield>
    <subfield code="a">SNCN</subfield>
    <subfield code="b">SNCN</subfield>
    <subfield code="c">REF</subfield>
    <subfield code="d">2025-05-30</subfield>
    <subfield code="e">MAT Journls </subfield>
    <subfield code="h">Vol. 7, No. 1</subfield>
    <subfield code="p">JNREM25-1</subfield>
    <subfield code="r">2025-05-30 00:00:00</subfield>
    <subfield code="w">2025-05-30</subfield>
    <subfield code="y">JN</subfield>
  </datafield>
  <datafield tag="952" ind1=" " ind2=" ">
    <subfield code="0">0</subfield>
    <subfield code="1">0</subfield>
    <subfield code="2">ddc</subfield>
    <subfield code="4">0</subfield>
    <subfield code="7">0</subfield>
    <subfield code="a">SNCN</subfield>
    <subfield code="b">SNCN</subfield>
    <subfield code="c">REF</subfield>
    <subfield code="d">2025-10-03</subfield>
    <subfield code="h">Vol. 7, No. 2</subfield>
    <subfield code="l">0</subfield>
    <subfield code="p">JNREM25-2</subfield>
    <subfield code="r">2025-10-04 12:54:31</subfield>
    <subfield code="w">2025-10-04</subfield>
    <subfield code="y">JN</subfield>
  </datafield>
</record>
